000 00707nam a2200253Ia 4500
003 OSt
005 20220928115744.0
006 a|||||r|||| 00| 0
007 ta
008 220927b |||||||| |||| 00| 0 eng d
024 _a69969
037 _cTextual
040 _aSDCL
_cSDCL
_beng
041 _2eng
_aeng
082 _aY:1.4'P, P5
100 _aKymlicka Will Ed.
_9416446
245 0 _aMulticulturalism in Asia.
260 _aOxford
_bOxford University Press
_c2005
300 _axi,364p
_ccm.
650 _aMulticulturalism Asia
_9445949
700 _a He Baogang Ed.
_9445950
942 _hY:1.4'P, P5
_cTEXL
_2CC
999 _c760806
_d760806